| 000 | 00405pab a2200169 454500 | ||
|---|---|---|---|
| 008 | 180718b2014 xxu||||| |||| 00| 0 eng d | ||
| 100 | _aHalu, Anilkumar B. | ||
| 245 | _aFuture of nuclear disarmament | ||
| 260 | _c2014 | ||
| 300 | _ap.7-9. | ||
| 362 | _aSep | ||
| 650 | _aDisarmament | ||
| 650 | _aNuclear nonproliferation | ||
| 700 | _aSuhasini, B. | ||
| 773 | _aThird Concept | ||
| 909 | _a114081 | ||
| 999 |
_c114075 _d114075 |
||